|
|
|
|
| LEADER |
00000nam a2200000 4500 |
| 008 |
190207bcr 2003 a|||| |||| 00| 0 spa d |
| 999 |
|
|
|c 3640
|d 3640
|
| 090 |
|
|
|a Tesis # 40
|
| 100 |
|
|
|9 4450
|a Suárez Madríz, Carolina
|
| 245 |
1 |
3 |
|a El sector educativo frente a la problemática de la explotación sexual comercial de personas menores de edad /
|c Carolina Suárez Madríz
|
| 260 |
|
|
|a [San José, Costa Rica] :
|b C. Suárez M.,
|c 2003
|
| 300 |
|
|
|a xiii, 195 hojas;
|b ilustraciones a color
|
| 502 |
|
|
|a Tesis (licenciatura en psicología)--Universidad de Costa Rica, Facultad de Ciencias Sociales, Escuela de Psicología, 2003
|
| 650 |
1 |
4 |
|9 58
|a ABUSO SEXUAL
|
| 650 |
1 |
4 |
|9 729
|a CAPACITACIÓN
|
| 650 |
1 |
4 |
|9 599
|a DERECHO A LA EDUCACIÓN
|
| 651 |
|
4 |
|9 4220
|a LIMÓN (COSTA RICA)
|
| 942 |
|
|
|i 002969
|h Tesis # 40
|2 z
|c 02
|